000 00700cam a2200241 4500500
005 20260405002822.0
041 _afre
042 _adc
100 1 0 _aNathan, Tobie
_eauthor
245 0 0 _aYuka. Scanner les abominations de l’assiette
260 _c2018.
500 _a56
690 _aAlimentation
690 _aApplications
690 _aLévitique
690 _aPhilon d’Alexandrie
690 _aPréceptes
690 _aReligion
690 _aTobie Nathan
690 _aYuka
786 0 _nPhilosophie magazine | 124 | 11 | 2018-11-01 | p. 15-15 | 1951-1787
856 4 1 _uhttps://shs.cairn.info/magazine-philosophie-magazine-2018-11-page-15?lang=fr&redirect-ssocas=7080
999 _c2061429
_d2061429